|
|
|
|
| LEADER |
01043cam a2200277 i 4500 |
| 001 |
3342 |
| 003 |
BD-DhAAL |
| 005 |
20140303145038.0 |
| 008 |
140303s1975 ilua b 001 0 eng |
| 010 |
|
|
|a 74027538
|
| 020 |
|
|
|a 0256017379
|
| 040 |
|
|
|a DLC
|c DLC
|d DLC
|d BD-DhAAL
|
| 050 |
0 |
0 |
|a BF713
|b .N48
|
| 082 |
0 |
0 |
|a 155
|
| 100 |
1 |
|
|a Newman, Barbara M.
|9 3936
|
| 245 |
1 |
0 |
|a Development through life :
|b a psychosocial approach /
|c Barbara M. Newman and Philip R. Newman.
|
| 260 |
|
|
|a Homewood, Ill. :
|b Dorsey Press,
|c 1975.
|
| 300 |
|
|
|a xiii, 399 p. :
|b ill. ;
|c 25 cm.
|
| 490 |
0 |
|
|a The Dorsey series in psychology
|
| 504 |
|
|
|a Includes bibliographies and indexes.
|
| 541 |
|
|
|e 3342
|
| 650 |
|
0 |
|a Developmental psychology
|v Textbooks.
|9 3937
|
| 700 |
1 |
|
|a Newman, Philip R.,
|e joint author.
|9 3938
|
| 942 |
|
|
|2 ddc
|c BK
|
| 999 |
|
|
|c 14195
|d 14195
|
| 952 |
|
|
|0 0
|1 0
|2 ddc
|4 0
|6 155_000000000000000_NEW
|7 0
|9 23942
|a BRACUL
|b BRACUL
|c GEN
|d 2014-03-03
|g 0.00
|l 3
|m 44
|o 155 NEW
|p 3010003342
|q 2026-06-02
|r 2026-02-01
|s 2026-02-01
|t 1
|w 2014-03-03
|y BK
|z Not price in Register
|